[Event "15th ETC"]
[Site "Gothenburg SWE"]
[Date "2005.08.02"]
[Round "4"]
[White "Erturan,Y"]
[Black "Klerides,P"]
[Result "1-0"]
[WhiteElo "2311"]
[BlackElo "2224"]

1.e4 c5 2.Nf3 d6 3.d4 cxd4 4.Nxd4 Nf6 5.Nc3 a6 6.f3 e5 7.Nb3 Be6 8.Nd5 Bxd5
9.exd5 Be7 10.Be3 Nbd7 11.Be2 O-O 12.O-O Qc7 13.Rc1 a5 14.c4 a4 15.Nd2 Nc5
16.Nb1 Nfd7 17.Nc3 Rfc8 18.Nb5 Qd8 19.Kh1 Na6 20.f4 Nc7 21.Nc3 exf4 22.Bxf4 Nc5
23.Qd2 Bf6 24.Rf3 Qd7 25.Bd3 Nxd3 26.Qxd3 Re8 27.Rcf1 a3 28.b3 Bxc3 29.Qxc3 f5
30.Qb4 Re2 31.R3f2 Rxf2 32.Rxf2 Ne8 33.Re2 h6 34.Re6 Ra6 35.Qe1 Nf6 36.Re7 Qc8
37.Qg3 Qf8 38.Rxb7 Nh5 39.Qf3 Nxf4 40.Qxf4 Qf6 41.h3 Ra8 42.Kh2 Re8 43.Rd7 Re5
44.b4 g5 45.Qg3 Re2 46.Rxd6 Qb2 47.Rxh6 Rxg2+ 48.Qxg2 Qe5+ 49.Qg3 Qa1  1-0

[Event "92nd ch-GBR"]
[Site "Douglas IOM"]
[Date "2005.08.03"]
[Round "3"]
[White "McDonnell,J"]
[Black "Bonafont,P"]
[Result "0-1"]
[WhiteElo "2054"]
[BlackElo "2116"]

1.e4 c5 2.Nf3 d6 3.d4 cxd4 4.Nxd4 Nf6 5.Nc3 a6 6.f3 e5 7.Nb3 Be6 8.Be3 Be7
9.Qd2 O-O 10.O-O-O b5 11.g4 b4 12.Nd5 Bxd5 13.exd5 a5 14.Kb1 Nfd7 15.g5 Qc7
16.h4 Nb6 17.Bxb6 Qxb6 18.h5 a4 19.Nc1 Nd7 20.Bh3 Nc5 21.g6 Bf6 22.h6 fxg6
23.hxg7 Rf7 24.Nd3 Nxd3 25.Qxd3 Rxg7 26.Be6+ Kh8 27.Rdg1 Qd4 28.Qxd4 exd4
29.f4 a3 30.b3 Raa7 31.Rh3 Rac7 32.Kc1 Rc3 33.Rxc3 dxc3 34.Kd1 h5 35.Ke2 Kh7
36.Kd3 Rc7 37.Re1 Kh6 38.Re4 Rb7 39.Rc4 g5 40.fxg5+ Kxg5 41.Bc8 Rb8 42.Ke2 Be5
43.Kf3 Rb5 44.Be6 Rb7 45.Kg2 h4 46.Bc8 Rb5 47.Be6 Bg3 48.Rg4+ Kf6 49.Rc4 Rb7
50.Kf3 Kg5 51.Rg4+ Kh5 52.Rc4 Bh2 53.Kg2 Be5 54.Kh3 Bg3 55.Bg4+ Kg5 56.Be6 Bf2
57.Re4 Bc5 58.Rg4+ Kf6 59.Rxh4 Ke5 60.Rg4 Rh7+ 61.Kg2 Rh6 62.Rg5+ Kf4 63.Rg4+ Ke3
64.Bf5 Kd2 65.Be4 Kc1 66.Rf4 Kb2  0-1

[Event "ch-VSZ"]
[Site "Vukovar CRO"]
[Date "2005.08.03"]
[Round "7"]
[White "Zivkovic,Vj"]
[Black "Tomerlin,S"]
[Result "0-1"]
[WhiteElo "2412"]
[BlackElo "2243"]

1.e4 c5 2.Nf3 d6 3.d4 cxd4 4.Nxd4 Nf6 5.Nc3 a6 6.f3 e5 7.Nb3 Be6 8.Be3 Nbd7
9.Qd2 Be7 10.O-O-O O-O 11.g4 Nb6 12.g5 Nh5 13.Kb1 Rc8 14.Rg1 g6 15.Qf2 Nc4
16.Bxc4 Bxc4 17.Nd2 Be6 18.Nd5 f6 19.gxf6 Bxf6 20.Bh6 Rf7 21.Nxf6+ Nxf6 22.Bg5 Qa5
23.a3 Qa4 24.Bxf6 Qxc2+ 25.Ka1 Rc3 26.Nb1 Qxf2 27.Nxc3 Rxf6 28.Rgf1 Qxh2
29.Rxd6 Qg2 30.Rfd1 Qxf3  0-1

[Event "Open Dutch Championship"]
[Site "Dieren NED"]
[Date "2005.08.04"]
[Round "9"]
[White "Hoeksema,E"]
[Black "Savchenko,S"]
[Result "1/2-1/2"]
[WhiteElo "2406"]
[BlackElo "2506"]

1.e4 c5 2.Nf3 d6 3.d4 cxd4 4.Nxd4 Nf6 5.Nc3 a6 6.f3 e5 7.Nb3 Be6 8.Be3 Nbd7
9.Qd2 b5 10.O-O-O Nb6 11.Qf2 Nc4 12.Bxc4 bxc4 13.Nc5 Be7 14.Nxe6 fxe6 15.Qg3 O-O
16.Qh3 Qc8 17.Na4 d5 18.Nb6 Qc6 19.Nxa8 Rxa8 20.Bg5 d4 21.f4 c3 22.Bxf6 Bxf6
23.Qd3 exf4 24.e5 Bxe5 25.Rde1 Bf6 26.Re4 cxb2+ 27.Kb1 e5 28.g3 fxg3 29.hxg3 Rc8
30.Ree1 g6 31.g4 Qc4 32.Qe4 Qc6 33.Qe2 Bg5 34.Rh3 Be3 35.Qd3 e4 36.Qb3+ Qc4
37.Kxb2 Qxb3+ 38.axb3 a5 39.Rhxe3 dxe3 40.Rxe3 Re8 41.Kc3 Kf7 42.Kd4 Kf6
43.Rxe4  1/2-1/2

[Event "15th ETC"]
[Site "Gothenburg SWE"]
[Date "2005.08.05"]
[Round "7"]
[White "Parligras,M"]
[Black "Banikas,H"]
[Result "0-1"]
[WhiteElo "2571"]
[BlackElo "2548"]

1.e4 c5 2.Nf3 d6 3.d4 cxd4 4.Nxd4 Nf6 5.Nc3 a6 6.f3 Qb6 7.Nb3 e6 8.g4 Qc7
9.Be3 b5 10.Qd2 Nc6 11.O-O-O Bb7 12.Kb1 Ne5 13.Qf2 b4 14.g5 Nfg4 15.Nb5 axb5
16.Bxb5+ Bc6 17.Bxc6+ Qxc6 18.fxg4 Qa4 19.Nc1 b3 20.Rd4 bxa2+ 21.Ka1 Qc6
22.Qe2 Be7 23.Nd3 Qa6 24.b3 O-O 25.Bc1 Nc6 26.Ra4 Qb5 27.Rxa8 Rxa8 28.Qe3 Bd8
29.Rf1 Ra7 30.Bb2 Bxg5 31.Qf2 Bd8 32.Qf4 e5 33.Qf5 g6 34.Qc8 Kg7 35.Rd1 Bb6
36.Nf4 Nd4 37.Nd5 Qxb3 38.Rc1 Bc5 39.Qd8 Qf3 40.g5 Nxc2+ 41.Rxc2 Qd1+ 42.Bc1 Bd4+
43.Nc3 Ra8 44.Qf6+ Kg8 45.Qf2 Qxc1+ 46.Rxc1 Bxf2 47.Nb5 Ra5 48.Rc8+ Kg7 49.Rb8 Ra4
50.Rd8 Bd4+ 51.Nxd4 Rxd4  0-1

[Event "FSIMC August"]
[Site "Budapest HUN"]
[Date "2005.08.07"]
[Round "2"]
[White "Braghetta,S"]
[Black "Le Quang Liem"]
[Result "0-1"]
[WhiteElo "2264"]
[BlackElo "2326"]

1.e4 c5 2.Nf3 d6 3.d4 cxd4 4.Nxd4 Nf6 5.Nc3 a6 6.f3 e5 7.Nb3 Be6 8.Be3 Be7
9.Qd2 O-O 10.O-O-O Nbd7 11.g4 Rc8 12.g5 Nh5 13.Rg1 Nb6 14.Kb1 g6 15.Qf2 Nc4
16.Bxc4 Rxc4 17.h4 Qd7 18.Nd5 Bxd5 19.Rxd5 f5 20.Nd2 Rc6 21.Qe2 b5 22.c4 b4
23.c5 Qe6 24.Nc4 fxe4 25.fxe4 Nf4 26.Bxf4 exf4 27.cxd6 Bxd6 28.Qd3 Bc7 29.Rf1 f3
30.b3 f2 31.Qd4 Rf7 32.Kb2 Qh3 33.Qd3 Qxd3 34.Rxd3 Re6 35.Re3 Rf4 36.Rd3 Rexe4  0-1

[Event "HZ Open"]
[Site "Vlissingen NED"]
[Date "2005.08.07"]
[Round "2"]
[White "Van de Wynkele,H"]
[Black "Kohlweyer,B"]
[Result "0-1"]
[WhiteElo "2145"]
[BlackElo "2423"]

1.e4 c5 2.Nf3 d6 3.d4 cxd4 4.Nxd4 Nf6 5.Nc3 a6 6.f3 e6 7.Be3 b5 8.Qd2 Nbd7
9.g4 Bb7 10.O-O-O Rc8 11.h4 Nb6 12.Qf2 Nfd7 13.Kb1 Rxc3 14.bxc3 Qc7 15.Qd2 d5
16.Bd3 Ba3 17.Bxb5 O-O 18.Bd3 Na4 19.Ne2  0-1

[Event "Stork YM"]
[Site "Hengelo NED"]
[Date "2005.08.08"]
[Round "1"]
[White "Lupulescu,C"]
[Black "Spoelman,W"]
[Result "1/2-1/2"]
[WhiteElo "2542"]
[BlackElo "2365"]

1.e4 c5 2.Nf3 d6 3.d4 cxd4 4.Nxd4 Nf6 5.Nc3 a6 6.f3 e5 7.Nb3 Be6 8.Be3 Nbd7
9.g4 Nb6 10.g5 Nh5 11.Qd2 Be7 12.O-O-O O-O 13.Rg1 g6 14.h4 Rc8 15.Rg2 Qc7
16.Kb1 Kh8 17.Qf2 Nc4 18.Bxc4 Qxc4 19.Qg1 b5 20.Rgd2 Qc7 21.Qg2 f5 22.Nd5 Bxd5
23.exd5 Qc4 24.Qf2 Bd8 25.Bb6 Nf4 26.Na5  1/2-1/2

[Event "HZ Open"]
[Site "Vlissingen NED"]
[Date "2005.08.08"]
[Round "3"]
[White "Ramer,M"]
[Black "Rohde,U"]
[Result "0-1"]
[WhiteElo "2024"]
[BlackElo "2259"]

1.e4 c5 2.Nf3 d6 3.d4 cxd4 4.Nxd4 Nf6 5.Nc3 a6 6.f3 e5 7.Nb3 Be6 8.Be3 Nbd7
9.Qd2 h5 10.O-O-O Rc8 11.Kb1 Be7 12.Bd3 b5 13.Rhe1 Qc7 14.f4 Nb6 15.Bg1 O-O
16.f5 Nc4 17.Bxc4 Bxc4 18.Nd5 Bxd5 19.exd5 b4 20.Nc1 a5 21.Ne2 a4 22.Ng3 a3
23.b3 Nxd5 24.Rc1  0-1

[Event "Stork YM"]
[Site "Hengelo NED"]
[Date "2005.08.09"]
[Round "4"]
[White "Lupulescu,C"]
[Black "Belov,Vl"]
[Result "1/2-1/2"]
[WhiteElo "2542"]
[BlackElo "2596"]

1.e4 c5 2.Nf3 d6 3.d4 cxd4 4.Nxd4 Nf6 5.f3 a6 6.Nc3 e5 7.Nb3 Be6 8.Be3 Nbd7
9.Qd2 b5 10.a4 b4 11.Nd5 Bxd5 12.exd5 Nxd5 13.Bb6 Qxb6 14.a5 Qb7 15.Bc4 g6
16.Ra4 Rb8 17.Qd3 Ra8 18.Qd2 Rb8 19.Qd3 Ra8  1/2-1/2

[Event "XV Open"]
[Site "La Pobla de Lillet ESP"]
[Date "2005.08.09"]
[Round "8"]
[White "Basas Gamazo,J"]
[Black "Fabre Massana,M"]
[Result "1-0"]
[WhiteElo "2062"]
[BlackElo "2136"]

1.e4 c5 2.Nf3 d6 3.d4 cxd4 4.Nxd4 Nf6 5.Nc3 a6 6.f3 e6 7.Be3 Qc7 8.Qd2 b5
9.g4 Bb7 10.O-O-O Nfd7 11.g5 Nb6 12.Kb1 N8d7 13.Qf2 d5 14.exd5 Nxd5 15.Nxd5 Bxd5
16.Bd3 Be7 17.Rhe1 Nc5 18.f4 Nxd3 19.Rxd3 Bc4 20.Rdd1 O-O 21.f5 exf5 22.Nxf5 Rfe8
23.Bd4 Bf8 24.Rg1 g6 25.Nh6+ Bxh6 26.Qf6 Kf8 27.Rge1 Re2 28.Rxe2 Bxe2 29.Re1 Qxh2
30.gxh6  1-0

[Event "Hotel Montesano Open A"]
[Site "Villa San Giovanni ITA"]
[Date "2005.08.09"]
[Round "3"]
[White "Scharrer,P"]
[Black "Caracci,G"]
[Result "1-0"]
[WhiteElo "2209"]
[BlackElo "2064"]

1.e4 c5 2.Nf3 d6 3.d4 cxd4 4.Nxd4 Nf6 5.Nc3 a6 6.f3 e6 7.Be3 Qc7 8.Qd2 Nc6
9.g4 b5 10.O-O-O Ne5 11.g5 Nfd7 12.f4 Nc4 13.Bxc4 Qxc4 14.Kb1 Be7 15.f5 b4
16.Na4 e5 17.b3 Qc7 18.Ne2 a5 19.Rhf1 Bb7 20.Ng3 f6 21.Nh5 Rg8 22.gxf6 gxf6
23.Rg1 Kf7 24.Qe2 Bxe4 25.Ng3 Rxg3 26.Qh5+ Kg8 27.Rxg3+ Kh8 28.Qg4 Qxc2+
29.Ka1 Qxd1+ 30.Qxd1 Bxf5 31.Qh5 Be6 32.Bh6 Bf8 33.Bxf8 Rxf8 34.Qh6 Rf7 35.Qe3 d5
36.Nc5 Nxc5 37.Qxc5 d4 38.Qxa5  1-0

[Event "TCh-ESP Premier North"]
[Site "Barcelona ESP"]
[Date "2005.08.11"]
[Round "1"]
[White "Bada Navarra,J"]
[Black "Garcia Melgar,J"]
[Result "0-1"]
[WhiteElo "1892"]
[BlackElo "2275"]

1.e4 c5 2.Nf3 d6 3.d4 cxd4 4.Nxd4 Nf6 5.Nc3 a6 6.f3 e5 7.Nb3 Be6 8.Be3 Be7
9.Qd2 O-O 10.O-O-O b5 11.g4 Nbd7 12.g5 Ne8 13.h4 Nb6 14.h5 Nc4 15.Bxc4 bxc4
16.Na1 Rc8 17.Kb1 f5 18.exf5 Rxf5 19.Rdg1 d5 20.g6 d4 21.gxh7+ Kh8 22.Bh6 dxc3
23.Bxg7+ Nxg7 24.Qh6 Rg5 25.Rxg5 Bxg5 26.Qg6 cxb2  0-1

[Event "American Continental"]
[Site "Buenos Aires ARG"]
[Date "2005.08.12"]
[Round "7"]
[White "Orsini,A"]
[Black "Liascovich,L"]
[Result "0-1"]
[WhiteElo "2233"]
[BlackElo "2432"]

1.e4 c5 2.Nf3 d6 3.d4 cxd4 4.Nxd4 Nf6 5.Nc3 a6 6.f3 e6 7.Be3 b5 8.Qd2 b4
9.Na4 d5 10.Nb3 Nbd7 11.c4 dxe4 12.c5 Nd5 13.fxe4 Qh4+ 14.g3 Qxe4 15.Bg2 Qxe3+
16.Qxe3 Nxe3 17.Bxa8 Nc2+ 18.Ke2 Nxa1 19.Rxa1 Kd8 20.Rf1 f6 21.Rf4 a5 22.Nxa5 Ba6+
23.Kd2 Nxc5 24.Nc6+ Kc7 25.Nxb4 Nb3+ 26.Kc3 Bxb4+ 27.Kxb4 Rb8+ 28.Kc3 Nc1
29.Bf3 Nxa2+ 30.Kc2 Nb4+ 31.Kc3 Nd3 32.Rd4 Bb5 33.Be2 Bxa4 34.Bxd3 Rb3+ 35.Kc2 Rb4+
36.Kc3 Rxd4 37.Kxd4 h6 38.Kc5 Bb3 39.Kb4 Bd5 40.Kc5 Bb3 41.Kb4 Bd1 42.Kc5 Bf3
43.b4 g5 44.Ba6 f5 45.b5 f4 46.b6+ Kb8 47.gxf4 gxf4 48.Kd6 Bd5 49.Ke5 f3
50.h4 f2 51.h5 Bb7 52.Bf1 Bc8 53.Kf6 Kb7 54.Kg6 Kxb6 55.Kxh6 Ba6 56.Bg2 f1=Q
57.Bxf1 Bxf1  0-1

[Event "15th ch-SLO"]
[Site "Ptuj SLO"]
[Date "2005.08.12"]
[Round "1"]
[White "Bozic,Ma"]
[Black "Borisek,J"]
[Result "0-1"]
[WhiteElo "2130"]
[BlackElo "2509"]

1.e4 c5 2.Nf3 d6 3.d4 cxd4 4.Nxd4 Nf6 5.Nc3 a6 6.f3 e6 7.Be3 b5 8.Qd2 Bb7
9.a3 Nbd7 10.Qf2 Rc8 11.Bd3 Be7 12.Rd1 O-O 13.O-O Qc7 14.Kh1 Rfe8 15.Qg3 Bf8
16.Qh3 Qb8 17.Nde2 Ne5 18.Bg5 Nfd7 19.b4 Nxd3 20.cxd3 Nb6 21.f4 Bc6 22.Rf3 f5
23.Rg3 fxe4 24.dxe4 Qb7 25.Nd4 Qf7 26.Nxc6 Rxc6 27.Ne2 e5 28.f5 Na4 29.Qg4 Rc4
30.Qf3 Rec8 31.h4 Kh8 32.h5 Nc3 33.f6 Nxe4 34.fxg7+ Qxg7 35.Bf6 Qxf6  0-1

[Event "Hotel Montesano Open A"]
[Site "Villa San Giovanni ITA"]
[Date "2005.08.12"]
[Round "6"]
[White "Gouliev,N"]
[Black "Santagati,A"]
[Result "1-0"]
[WhiteElo "2555"]
[BlackElo "2092"]

1.e4 c5 2.Nf3 d6 3.d4 cxd4 4.Nxd4 Nf6 5.Nc3 a6 6.f3 e6 7.Be3 Be7 8.Qd2 Nc6
9.g4 Qc7 10.O-O-O b5 11.Kb1 Rb8 12.Nxc6 Qxc6 13.h4 Nd7 14.Bd4 b4 15.Ne2 e5
16.Be3 Nc5 17.Nc1 Be6 18.g5 a5 19.h5 a4 20.Bh3 b3 21.cxb3 axb3 22.a3 Bc4
23.g6 Na4 24.Bf5 Rd8 25.Qg2 d5 26.gxf7+ Kxf7 27.Bxh7 Rxh7 28.Qg6+ Qxg6 29.hxg6+ Kxg6
30.Rdg1+ Kf7 31.Rxh7 Bf8 32.Rh5 d4 33.Bd2 Ra8 34.Rxe5 Be6 35.Rb5 Bxa3 36.bxa3 Nc3+
37.Bxc3 dxc3 38.Nxb3  1-0

[Event "HZ Open"]
[Site "Vlissingen NED"]
[Date "2005.08.12"]
[Round "7"]
[White "Bezemer,A"]
[Black "Roeder,M"]
[Result "1/2-1/2"]
[WhiteElo "2364"]
[BlackElo "2393"]

1.e4 c5 2.Nf3 d6 3.d4 cxd4 4.Nxd4 Nf6 5.Nc3 a6 6.f3 e5 7.Nb3 Be6 8.Be3 Be7
9.Qd2 O-O 10.O-O-O Qc7 11.g4 Rc8 12.g5 Nh5 13.Nd5 Bxd5 14.exd5 Nd7 15.Bh3 a5
16.Qd3 a4 17.Nd2 Nc5 18.Qc3 Re8 19.Bg4 Nf4 20.Bxf4 exf4 21.Ne4 Qd8 22.Nxc5 dxc5
23.h4 a3 24.b3 Bd6 25.Rhe1 Rxe1 26.Rxe1 b5 27.Qd3 Rb8 28.Re4 g6 29.c4 bxc4
30.Rxc4 Rb4 31.Kd2 Qe7 32.Qe4 Qxe4 33.fxe4 Rxc4 34.bxc4 f6 35.Kc3 fxg5  1/2-1/2

[Event "15th ch-SLO"]
[Site "Ptuj SLO"]
[Date "2005.08.14"]
[Round "4"]
[White "Gazvoda,F"]
[Black "Gruskovnjak,T"]
[Result "0-1"]
[WhiteElo "2148"]
[BlackElo "2293"]

1.e4 c5 2.Nf3 d6 3.d4 cxd4 4.Nxd4 Nf6 5.Nc3 a6 6.f3 e5 7.Nb3 Be6 8.Be3 Be7
9.Qd2 O-O 10.Bd3 a5 11.a4 Nc6 12.Nd5 Bxd5 13.exd5 Nxd5 14.Bxh7+ Kxh7 15.Qxd5 Nb4
16.Qd2 d5 17.c3 d4 18.cxd4 Qd5 19.Qd1 Qc4 20.Kf2 Nd3+ 21.Kg1 exd4 22.Bf2 Nxf2
23.Kxf2 Bg5 24.g3 Be3+ 25.Kg2 Ra6 26.Re1 Rb6 27.Ra3 Rc8 28.Re2 Rh6 29.h3 b6
30.Ra1 Re6 31.Nd2 Qc6 32.Ne4 f5 33.Nf2 f4 34.g4 Bxf2  0-1

[Event "HZ Open"]
[Site "Vlissingen NED"]
[Date "2005.08.14"]
[Round "9"]
[White "Bezemer,A"]
[Black "Kohlweyer,B"]
[Result "0-1"]
[WhiteElo "2364"]
[BlackElo "2423"]

1.e4 c5 2.Nf3 d6 3.d4 cxd4 4.Nxd4 Nf6 5.Nc3 a6 6.f3 e6 7.Be3 b5 8.g4 Bb7
9.Qd2 Nbd7 10.g5 Nh5 11.O-O-O Rc8 12.Kb1 g6 13.Nce2 d5 14.exd5 Bxd5 15.Ng3 Nxg3
16.hxg3 Bg7 17.Rh4 Ne5 18.f4 Nc4 19.Bxc4 Rxc4 20.b3 Rc8 21.Qh2 Qc7 22.Rd2 Qc3
23.Rd3 Qe1+ 24.Bc1 Rc3 25.Rxh7 Rxh7 26.Qxh7 Rxd3  0-1

[Event "Grundfos Young Masters"]
[Site "Aarhus DEN"]
[Date "2005.08.15"]
[Round "2"]
[White "Bogner,S"]
[Black "Pedersen,Ch"]
[Result "0-1"]
[WhiteElo "2361"]
[BlackElo "2364"]

1.e4 c5 2.Nf3 d6 3.d4 cxd4 4.Nxd4 Nf6 5.Nc3 a6 6.f3 e6 7.Be3 b5 8.Qd2 Nbd7
9.g4 Nb6 10.a4 Nc4 11.Bxc4 bxc4 12.a5 Bb7 13.O-O Be7 14.Na4 Nd7 15.Qc3 d5
16.e5 O-O 17.f4 Qc7 18.b4 Bc6 19.Nb6 Nxb6 20.axb6 Qxb6 21.Rab1 Qc7 22.f5 Rfc8
23.Bf4 Bf8 24.Qf3 Bd7 25.c3 a5 26.b5 a4 27.f6 g6 28.b6 Qb7 29.Qh3 Ra6 30.Bh6 Bc5
31.Bg7 Rxb6 32.Rbe1 Rb3 33.Qxh7+ Kxh7 34.Rf3 Rxc3 35.Rxc3 Bxd4+ 36.Ree3 Bxe3+  0-1

[Event "14th Open"]
[Site "Kavala GRE"]
[Date "2005.08.16"]
[Round "6"]
[White "Dzhumaev,M"]
[Black "Marjanovic,Slavo"]
[Result "0-1"]
[WhiteElo "2531"]
[BlackElo "2484"]

1.e4 c5 2.Nf3 d6 3.d4 cxd4 4.Nxd4 Nf6 5.Nc3 a6 6.Be3 Ng4 7.Bc1 Nf6 8.f3 e6
9.Be3 b5 10.Qd2 Nbd7 11.g4 h6 12.O-O-O Bb7 13.h4 b4 14.Na4 Qa5 15.b3 Nc5
16.a3 Rc8 17.axb4 Nxb3+ 18.Nxb3 Qxa4 19.Kb2 d5 20.c3 dxe4 21.Na5 Bd5 22.Ra1 Qd7
23.Bxa6 exf3 24.Bxc8 Qxc8 25.Qd4 Ne4 26.Qd3 Qb8 27.Nb3 Be7 28.Ba7 Qc8 29.g5 Nd6
30.Nd2 f2 31.g6 O-O 32.Rhf1 Nc4+ 33.Kc2 Bxh4 34.Bc5 Nxd2 35.Qxd2 fxg6 36.Bxf8 Qxf8
37.Qd4 Qf3 38.Qd2 Qe4+ 39.Kb2 Qc4 40.Qc2 Bf6 41.Rxf2 Qxb4+ 42.Kc1 Bg5+ 43.Rd2 Qc4
44.Ra4 Qe2 45.Rd4 Kh7 46.Kb2 Bxd2 47.Qxd2 Qa6 48.Qc2 Qa2+ 49.Kc1 Qa1+ 50.Kd2 Qg1
51.Qd3 h5 52.c4 Bf3 53.Rd6 h4 54.Rd7 Qf2+ 55.Kc3 e5 56.Rf7 Qe1+ 57.Kb3 Bd1+
58.Kb2 Qb4+ 59.Kc1 Bg4 60.Qe4 Qc3+ 61.Qc2 Qxc2+ 62.Kxc2 Bf5+  0-1

[Event "Grundfos Young Masters"]
[Site "Aarhus DEN"]
[Date "2005.08.17"]
[Round "6"]
[White "Bogner,S"]
[Black "Areshchenko,A"]
[Result "1/2-1/2"]
[WhiteElo "2361"]
[BlackElo "2625"]

1.e4 c5 2.Nf3 d6 3.d4 cxd4 4.Nxd4 Nf6 5.Nc3 a6 6.f3 e5 7.Nb3 Be6 8.Be3 Nbd7
9.g4 Be7 10.Qd2 O-O 11.O-O-O Qc7 12.Kb1 b5 13.g5 Nh5 14.f4 exf4 15.Bxf4 Nxf4
16.Qxf4 Rac8 17.Nd4 Nb6 18.Bg2 Na4 19.Nd5 Bxd5 20.exd5 Nxb2 21.Kxb2 Qc3+
22.Kb1 Qb4+ 23.Kc1 Qa3+ 24.Kb1 Qb4+ 25.Kc1 Qa3+ 26.Kb1  1/2-1/2

[Event "Grundfos Young Masters"]
[Site "Aarhus DEN"]
[Date "2005.08.19"]
[Round "8"]
[White "Bogner,S"]
[Black "Glud,J"]
[Result "0-1"]
[WhiteElo "2361"]
[BlackElo "2313"]

1.e4 c5 2.Nf3 d6 3.d4 cxd4 4.Nxd4 Nf6 5.Nc3 a6 6.f3 e6 7.Be3 b5 8.g4 h6 9.Qd2 b4
10.Nce2 e5 11.Nf5 d5 12.O-O-O Be6 13.g5 hxg5 14.Bxg5 Nbd7 15.Neg3 Qa5 16.a3 Qa4
17.Kb1 d4 18.Nxd4 exd4 19.Qxd4 Bc5 20.Qd3 Ne5 21.Qe2 bxa3 22.b3 a2+ 23.Ka1 Bd4+
24.Rxd4 Qxd4+  0-1

[Event "Masters"]
[Site "Abu Dhabi UAE"]
[Date "2005.08.19"]
[Round "5"]
[White "Fedorov,Alex"]
[Black "Annaberdiev,M"]
[Result "1-0"]
[WhiteElo "2611"]
[BlackElo "2409"]

1.e4 c5 2.Nf3 d6 3.d4 cxd4 4.Nxd4 Nf6 5.Nc3 a6 6.f3 Nbd7 7.Be3 Qc7 8.Qd2 e6
9.g4 h6 10.O-O-O b5 11.h4 b4 12.Nce2 d5 13.Bh3 Nb6 14.b3 e5 15.Nf5 Bxf5 16.exf5 Bc5
17.Bxc5 Qxc5 18.g5 Nfd7 19.f4 e4 20.Nd4 a5 21.Kb1 Rc8 22.Qg2 a4 23.f6 a3
24.fxg7 Rg8 25.Bxd7+ Nxd7 26.Rh3 Rxg7 27.Nf5 Rg6 28.h5 Rgc6 29.g6 Kf8 30.g7+ Kg8
31.Rxd5 Qxc2+ 32.Qxc2 Rxc2 33.Ne7+ Kxg7 34.Nxc8 Rb2+ 35.Kc1  1-0

[Event "39th Open"]
[Site "Mislata ESP"]
[Date "2005.08.19"]
[Round "2"]
[White "Abreu,A"]
[Black "Sanchez Raboso,V"]
[Result "1-0"]
[WhiteElo "2442"]
[BlackElo "2101"]

1.e4 c5 2.Nf3 d6 3.d4 cxd4 4.Nxd4 Nf6 5.Nc3 a6 6.f3 Qb6 7.g4 e6 8.a3 Nc6
9.Be3 Qc7 10.Qe2 Nxd4 11.Bxd4 e5 12.Be3 Be6 13.O-O-O b5 14.Kb1 Rb8 15.Nd5 Bxd5
16.exd5 Be7 17.h4 Qb7 18.Qd2 Nd7 19.g5 Nb6 20.Qd3 O-O 21.h5 f5 22.gxf6 Bxf6
23.Qe4 Na4 24.Bd3 b4 25.Qxh7+ Kf7 26.Rdg1 Ke8 27.h6 bxa3 28.b3 Qxd5 29.hxg7 Rg8
30.Qg6+ Ke7 31.Rh6 Bxg7 32.Rh7 Rxb3+ 33.Ka1 Rb2 34.Rxg7+ Rxg7 35.Qxg7+ Kd8
36.Qf8+ Kc7 37.Rg7+  1-0

[Event "39th Open"]
[Site "Mislata ESP"]
[Date "2005.08.19"]
[Round "2"]
[White "Megias Chafer,A"]
[Black "Komljenovic,D"]
[Result "1-0"]
[WhiteElo "2111"]
[BlackElo "2473"]

1.e4 c5 2.Nf3 d6 3.d4 cxd4 4.Nxd4 Nf6 5.Nc3 a6 6.f3 h5 7.Be3 e6 8.Qd2 Nbd7
9.O-O-O b5 10.Kb1 Bb7 11.a3 Rc8 12.g3 Ne5 13.Bf4 Be7 14.Qe3 Nfd7 15.Bxe5 Nxe5
16.f4 Ng4 17.Qe2 Qb6 18.h3 Nf6 19.Bg2 Nd7 20.Nb3 Rc4 21.Rhe1 h4 22.Nd5 exd5
23.exd5 Qd8 24.Rd3 Nf6 25.Nd4 g6 26.f5 g5 27.Nc6 Bxc6 28.dxc6 Kf8 29.Re3 hxg3
30.Rxe7 Kg7 31.Qd2 Rf4 32.c7 Qc8 33.Qxd6 Qxf5 34.R1e5 Qg6 35.Qc5 Rc4 36.Qe3 Rh5
37.Qd3 Rh8 38.Qxg6+ Kxg6 39.b3 Rf4 40.Re8 Rxe8 41.Rxe8 Nxe8 42.c8=Q Rf2  1-0

[Event "Rudenko mem"]
[Site "St Petersburg RUS"]
[Date "2005.08.20"]
[Round "1"]
[White "Shushpanova,N"]
[Black "Petrenko,S"]
[Result "1-0"]
[WhiteElo "2068"]
[BlackElo "2307"]

1.e4 c5 2.Nf3 d6 3.d4 cxd4 4.Nxd4 Nf6 5.Nc3 a6 6.f3 g6 7.Be3 Bg7 8.Qd2 Nc6
9.O-O-O Be6 10.Nxc6 bxc6 11.e5 Nd5 12.Nxd5 cxd5 13.exd6 Qxd6 14.Bd4 Bxd4
15.Qxd4 O-O 16.h4 Rab8 17.h5 Rb4 18.Qe3 Rfb8 19.hxg6 fxg6 20.Qh6 Qf4+ 21.Qxf4 Rxf4
22.a3 a5 23.Bd3 Rb7 24.Rh6 Kg7 25.Rdh1 Bg8 26.R6h4 Rf6 27.Ra4 Rfb6 28.b3 Rc7
29.Kd2 Rc5 30.b4 axb4 31.Rxb4 Rbc6 32.a4 Ra5 33.Ra1 e5 34.Rb5 Ra7 35.a5 Kf6
36.Rab1 Be6 37.Rb6 Rc5 38.a6 Ra5 39.Rb7 Ra8 40.R1b6 h5 41.Rc7 e4 42.fxe4 dxe4
43.Bc4 Re5 44.Rcc6  1-0

[Event "zt 2.3"]
[Site "Guayaquil ECU"]
[Date "2005.09.11"]
[Round "9"]
[White "Fierro Baquero,M"]
[Black "Mosquera,M"]
[Result "1-0"]
[WhiteElo "2340"]
[BlackElo "2442"]

1.e4 c5 2.Nf3 d6 3.d4 cxd4 4.Nxd4 Nf6 5.Nc3 a6 6.f3 e5 7.Nb3 Be7 8.Be3 O-O
9.Qd2 Be6 10.O-O-O Qc7 11.g4 Rc8 12.g5 Nh5 13.Nd5 Bxd5 14.exd5 Nd7 15.Bh3 a5
16.Kb1 a4 17.Nc1 a3 18.b3 g6 19.Ne2 Re8 20.Bg4 Nf4 21.Nxf4 exf4 22.Bxf4 Bf8
23.Rhe1 Bg7 24.Rxe8+ Rxe8 25.Bxd7 Qxd7 26.Re1 Rc8 27.Re4 b5 28.Qe2 Bf8 29.Bc1 Qf5
30.Qxb5 Qxf3 31.Rc4 Qe2 32.Bxa3 h6 33.Bc1 hxg5 34.Rc5 Re8 35.Qxe2 Rxe2 36.Rc8 Rxh2
37.Ba3 Kg7 38.Bb4 Rh4 39.Bd2 Be7 40.a4 Bf6 41.Bc3 Re4 42.a5 g4 43.Bxf6+ Kxf6  1-0

[Event "EYb16"]
[Site "Herceg Novi SCG"]
[Date "2005.09.14"]
[Round "1"]
[White "Andriasian,Z"]
[Black "De Groote,E"]
[Result "1-0"]
[WhiteElo "2412"]
[BlackElo "2200"]

1.e4 c5 2.Nf3 d6 3.d4 cxd4 4.Nxd4 Nf6 5.Nc3 a6 6.f3 e6 7.Be3 b5 8.Qd2 Nbd7
9.O-O-O Bb7 10.Kb1 Nb6 11.Bd3 Rc8 12.g4 b4 13.Nce2 d5 14.e5 Nfd7 15.f4 Nc4
16.Qc1 Nxe3 17.Qxe3 Bc5 18.f5 Qc7 19.fxe6 fxe6 20.Rhe1 Nb6 21.Qh3 Qe7 22.g5 Nc4
23.Bxc4 dxc4 24.Nxe6 b3 25.axb3 cxb3 26.Qxb3 Bb4 27.Nxg7+  1-0

[Event "EYg16"]
[Site "Herceg Novi SCG"]
[Date "2005.09.15"]
[Round "2"]
[White "Topic,J"]
[Black "Zhorzholiani,M"]
[Result "0-1"]
[WhiteElo "1876"]
[BlackElo "2019"]

1.e4 c5 2.Nf3 d6 3.d4 cxd4 4.Nxd4 Nf6 5.Nc3 a6 6.f3 e5 7.Nb3 Be6 8.Be3 Be7
9.Qd2 Qc7 10.g4 b5 11.h4 Nbd7 12.Qf2 b4 13.Nd1 d5 14.exd5 Nxd5 15.Bd3 N7b6
16.Bc5 O-O 17.Bxe7 Qxe7 18.Ne3 Nf4 19.Be4 Rac8 20.Nf5 Qc7 21.h5 Na4 22.O-O-O Nc5
23.Nxc5 Qxc5 24.Qxc5 Rxc5 25.Kb1 g6 26.Ne7+ Kg7 27.Rd6 a5 28.h6+ Kf6 29.Nc6 Kg5
30.Na7 Ne2 31.Rc6 Rxc6 32.Nxc6 Ng3 33.Re1 f5 34.gxf5 Nxf5 35.Bd3 e4 36.Nd4 Bd5
37.c4 Bb7 38.Bc2 exf3  0-1

[Event "EYb18"]
[Site "Herceg Novi SCG"]
[Date "2005.09.15"]
[Round "2"]
[White "Stubberud,O"]
[Black "Valeanu,E"]
[Result "0-1"]
[WhiteElo "2095"]
[BlackElo "2398"]

1.e4 c5 2.Nf3 d6 3.d4 cxd4 4.Nxd4 Nf6 5.Nc3 a6 6.f3 e6 7.Be3 b5 8.Qd2 b4
9.Nd1 e5 10.Nb3 Nc6 11.Nf2 Be6 12.O-O-O Qc7 13.Kb1 a5 14.Bb5 a4 15.Nc1 d5
16.Nfd3 Ra5 17.Bxc6+ Qxc6 18.Nxe5 Qc7 19.exd5 Nxd5 20.Bd4 Bd6 21.Ned3 O-O
22.Rde1 Rb8 23.Ka1 b3 24.cxb3 axb3 25.Be5 Bxe5 26.Rxe5 Qa7 27.a3 Rxa3+ 28.bxa3 Qxa3+
29.Kb1 b2 30.Na2 Qxa2+  0-1

[Event "Caissa IM September"]
[Site "Kecskemet HUN"]
[Date "2005.09.17"]
[Round "1"]
[White "Domany,Z"]
[Black "Keresztes,R"]
[Result "1-0"]
[WhiteElo "2101"]
[BlackElo "2232"]

1.e4 c5 2.Nf3 d6 3.d4 cxd4 4.Nxd4 Nf6 5.Nc3 a6 6.f3 e5 7.Nb3 Be6 8.Be3 d5
9.exd5 Nxd5 10.Nxd5 Bxd5 11.c4 Bb4+ 12.Kf2 Be6 13.Qxd8+ Kxd8 14.a3 Be7 15.Nc5 Bc8
16.Rd1+ Nd7 17.Rd5 Bxc5 18.Bxc5 Ke8 19.Bd6 f6 20.Bc7 b6 21.Be2 Ra7 22.Bd6 Kf7
23.Rhd1 Re8 24.b4 a5 25.c5 bxc5 26.bxc5 Bb7 27.R5d2 Bc6 28.Rb2 Rc8 29.Bb5 Bxb5
30.Rxb5 a4 31.Rc1 Ra6 32.Rcb1 Ra7 33.Rb7 Rxb7 34.Rxb7 Ke6 35.Ra7 Nxc5 36.Bxc5 Rxc5
37.Rxa4 Rc1 38.Ra7 Rc2+ 39.Kg3 g5 40.Rxh7 Ra2 41.Ra7 Kf5 42.a4 Kg6 43.a5 Kf5
44.a6 Kg6 45.Ra8 Kf5 46.a7 Ra1 47.Kh3 Ra2 48.g4+ Kf4 49.Rf8 Rxa7 50.Rxf6+ Ke3
51.Rf5 Rg7 52.Kg3 Kd4 53.h4 gxh4+ 54.Kxh4 e4 55.fxe4 Kxe4 56.Kh5 Rg8 57.Rf6 Rh8+
58.Rh6 Rg8 59.g5  1-0